<?xml version="1.0" encoding="UTF-8"?>
<collection xmlns="http://www.loc.gov/MARC21/slim">
 <record>
  <leader>01810nam a22002057a 4500</leader>
  <controlfield tag="001">NCT_4_009244</controlfield>
  <controlfield tag="008">240617b        xxu||||| |||| 00| 0 vie d</controlfield>
  <datafield tag="999" ind1=" " ind2=" ">
   <subfield code="c">8404</subfield>
   <subfield code="d">8404</subfield>
  </datafield>
  <datafield tag="020" ind1=" " ind2=" ">
   <subfield code="a">9786045764626</subfield>
   <subfield code="c">102000</subfield>
  </datafield>
  <datafield tag="082" ind1="0" ind2="4">
   <subfield code="2">23rd ed.</subfield>
   <subfield code="a">347.597</subfield>
   <subfield code="b">B450L</subfield>
  </datafield>
  <datafield tag="245" ind1="0" ind2="0">
   <subfield code="a">Bộ luật tố tụng dân sự (hiện hành) :</subfield>
   <subfield code="b">Sửa đổi, bổ sung năm 2019, 2020</subfield>
  </datafield>
  <datafield tag="260" ind1=" " ind2=" ">
   <subfield code="a">H.</subfield>
   <subfield code="b">Chính trị Quốc gia Sự thật</subfield>
   <subfield code="c">2021</subfield>
  </datafield>
  <datafield tag="300" ind1=" " ind2=" ">
   <subfield code="a">452 tr.</subfield>
   <subfield code="c">21 cm</subfield>
  </datafield>
  <datafield tag="520" ind1="3" ind2=" ">
   <subfield code="a">Bộ luật Tố tụng dân sự (hiện hành) là văn bản hợp nhất Bộ luật Tố tụng dân sự năm 2015 với nội dung sửa đổi, bổ sung của Bộ luật Tố tụng dân sự năm 2015 của Bộ luật Lao động năm 2019 và Luật Doanh nghiệp năm 2020; gồm 10 phần, 42 chương, 517 điều, quy định những nguyên tắc cơ bản trong tố tụng dân sự; trình tự và thủ tục để khởi kiện, yêu cầu để Tòa án giải quyết tranh chấp dân sự, hôn nhân và gia đình, kinh doanh, thương mại, lao động...</subfield>
  </datafield>
  <datafield tag="653" ind1=" " ind2=" ">
   <subfield code="a">Luật học</subfield>
  </datafield>
  <datafield tag="942" ind1=" " ind2=" ">
   <subfield code="2">ddc</subfield>
   <subfield code="c">BK</subfield>
  </datafield>
  <datafield tag="952" ind1=" " ind2=" ">
   <subfield code="0">0</subfield>
   <subfield code="1">0</subfield>
   <subfield code="2">ddc</subfield>
   <subfield code="4">0</subfield>
   <subfield code="6">347_597000000000000_B450L</subfield>
   <subfield code="7">0</subfield>
   <subfield code="9">29006</subfield>
   <subfield code="a">000001</subfield>
   <subfield code="b">000001</subfield>
   <subfield code="d">2024-06-17</subfield>
   <subfield code="l">14</subfield>
   <subfield code="m">4</subfield>
   <subfield code="o">347.597 B450L</subfield>
   <subfield code="p">MD.22542</subfield>
   <subfield code="r">2025-12-02</subfield>
   <subfield code="s">2025-11-18</subfield>
   <subfield code="v">102000.00</subfield>
   <subfield code="w">2024-06-17</subfield>
   <subfield code="y">BK</subfield>
  </datafield>
  <datafield tag="952" ind1=" " ind2=" ">
   <subfield code="0">0</subfield>
   <subfield code="1">0</subfield>
   <subfield code="2">ddc</subfield>
   <subfield code="4">0</subfield>
   <subfield code="6">347_597000000000000_B450L</subfield>
   <subfield code="7">0</subfield>
   <subfield code="9">29007</subfield>
   <subfield code="a">000001</subfield>
   <subfield code="b">000001</subfield>
   <subfield code="d">2024-06-17</subfield>
   <subfield code="l">9</subfield>
   <subfield code="m">1</subfield>
   <subfield code="o">347.597 B450L</subfield>
   <subfield code="p">MD.22543</subfield>
   <subfield code="r">2025-12-02</subfield>
   <subfield code="s">2025-11-18</subfield>
   <subfield code="v">102000.00</subfield>
   <subfield code="w">2024-06-17</subfield>
   <subfield code="y">BK</subfield>
  </datafield>
  <datafield tag="952" ind1=" " ind2=" ">
   <subfield code="0">0</subfield>
   <subfield code="1">0</subfield>
   <subfield code="2">ddc</subfield>
   <subfield code="4">0</subfield>
   <subfield code="6">347_597000000000000_B450L</subfield>
   <subfield code="7">0</subfield>
   <subfield code="9">29008</subfield>
   <subfield code="a">000001</subfield>
   <subfield code="b">000001</subfield>
   <subfield code="d">2024-06-17</subfield>
   <subfield code="l">7</subfield>
   <subfield code="o">347.597 B450L</subfield>
   <subfield code="p">MD.22544</subfield>
   <subfield code="r">2025-11-10</subfield>
   <subfield code="s">2025-11-10</subfield>
   <subfield code="v">102000.00</subfield>
   <subfield code="w">2024-06-17</subfield>
   <subfield code="y">BK</subfield>
  </datafield>
  <datafield tag="980" ind1=" " ind2=" ">
   <subfield code="a">Thư viện Trường Đại học Nam Cần Thơ</subfield>
  </datafield>
 </record>
</collection>
